The multilingual dictionary of architecture and building terms (Record no. 104517)

MARC details
000 -LEADER
fixed length control field 00776cam a2200217 4500
001 - CONTROL NUMBER
control field ##L130675
008 - FIXED-LENGTH DATA ELEMENTS--GENERAL INFORMATION
fixed length control field 050823n1998 000 0 eng u
020 ## - INTERNATIONAL STANDARD BOOK NUMBER
International Standard Book Number 0419199209
035 ## - SYSTEM CONTROL NUMBER
System control number (Sirsi) u130675
041 1# - LANGUAGE CODE
Language code of text/sound track or separate title eng
-- ita
-- fre
-- spa
-- ger
050 04 - LIBRARY OF CONGRESS CALL NUMBER
Classification number 690.03 $2 18
245 04 - TITLE STATEMENT
Title The multilingual dictionary of architecture and building terms
260 3# - PUBLICATION, DISTRIBUTION, ETC.
Place of publication, distribution, etc. London
Name of publisher, distributor, etc. E and F N Spon
Date of publication, distribution, etc. 1998
300 ## - PHYSICAL DESCRIPTION
Extent xxi, 451p.
Dimensions 25cm
350 ## - PRICE (NR) (BK AM CF MU VM SE) [OBSOLETE]
Price 74
520 ## - SUMMARY, ETC.
Summary, etc. Dictionary giving easy to access translations of over 2500 building terms, cross referenced across five languages. Sets out English headwords with the equivalent German, Spanish, French and Italian terms alongside.
690 ## - LOCAL SUBJECT ADDED ENTRY--TOPICAL TERM (OCLC, RLIN)
Topical term or geographic name as entry element BUILT ENVIRONMENT
700 1# - ADDED ENTRY--PERSONAL NAME
Personal name Grech, Chris.
Relator term Editor
942 ## - ADDED ENTRY ELEMENTS (KOHA)
Suppress in OPAC 0
Holdings
Withdrawn status Lost status Source of classification or shelving scheme Damaged status Not for loan Home library Current library Shelving location Date acquired Cost, normal purchase price Total Checkouts Full call number Barcode Date last seen Copy number Cost, replacement price Price effective from Koha item type
    Dewey Decimal Classification     London London Books 05/12/2005 68.00   690.13 GRE 30071313 06/08/2019 1 68.00 06/08/2019 Reference material